[Event "World op 40th"]
[Site "Philadelphia"]
[Date "2012.07.08"]
[Round "8"]
[White "Ortiz, Nelson"]
[Black "Molner, Mackenzie"]
[Result "0-1"]
[WhiteElo "2230"]
[BlackElo "2479"]
[PlyCount "108"]
[EventDate "2012.07.03"]
[EventType "swiss"]
[EventRounds "9"]
[EventCountry "USA"]
[SourceTitle "CBM 149 Extra"]
[Source "ChessBase"]
[SourceDate "2012.08.24"]
[SourceVersion "1"]
[SourceVersionDate "2012.08.24"]
[SourceQuality "1"]

1. e4 c5 2. Nf3 d6 3. d4 cxd4 4. Nxd4 Nf6 5. Nc3 a6 6. f3 Qb6 7. Nb3 e6 8. Bf4 Be7 9. Qd2 0-0 10. 0-0-0 Rd8 11. Na4 Qc6 12. Qa5 b5 13. Nb6 Ra7 14. e5 dxe5 15. Bxe5 Rxd1+ 16. Kxd1 Bd8 17. Bxb8 Bxb6 18. Qe1 Rd7+ 19. Bd3 Nd5 20. Kc1 Ne3 21. Qe2 Bb7 22. Kb1 Nc4 23. Bf4 Qc8 24. Bc1 Bd5 25. Nd2 Bd4 26. Nxc4 bxc4 27. Be4 Bf6 28. Rd1 g6 29. g3 Qb8 30. Ka1 Qb5 31. c3 Bxe4 32. fxe4 Rd3 33. Rf1 Be5 34. Qf2 Rd7 35. Bf4 Kg7 36. Bc1 Qb7 37. Qe2 Rd3 38. Qf2 Qc7 39. Bg5 Qd7 40. Bf6+ Kg8 41. a3 Rd2 42. Bxe5 Rxf2 43. Rxf2 Qd3 44. Bf6 Qxe4 45. Rf4 Qh1+ 46. Ka2 g5 47. Bxg5 Qxh2 48. Bf6 Qe2 49. Rd4 h5 50. Rd6 Qf3 51. Bd4 Kh7 52. Rxa6 Qxg3 53. Ra8 e5 54. Bc5 h4 0-1